1224 1439 1000 1195 1935 1141 1654 1759 1148 1013 1859 1168 1819 1716 1252 1470 1543 1139 1456 1895 1742 1855 1714 1623 1460 1107 1409 1917 1323 1030 1195 1052 1410 1282 1527 1256 1212 1664 1726 1787 1924 1503 1171 1561 1053 1069 1091 1987 1314 1367 1444 1111 1736 1582 1062 1646 1263 1319 1570 1929 1471 1872 1120 1064 1125 1277 1055 1226 1163 1252 1177 1211 1047 1875 1410 1241 1801 1443 1970 1356 1939 1666 1021 1786 1701 1411 1936 1317 1151 1601 1995 1442 1954 1717 1393 1019 1707 1326 1578 BCNSPRNW ULIB Ver.6.0+V

เปลี่ยนเป็นภาษาไทย

Change to English
 แสดงรายละเอียดบรรณานุกรม
  กลับหน้าหลัก

Brief Record : Get Marc (ISO 2709) : E-mail record : QR code < ปิดหน้าต่าง
LEADER : 00000nam 2200000uu 4500
001    13399127481
003     ULIB
008    200610s2019||||th 000 0 tha d
020    ^a9780071754422
060    ^aWM141^bE15C
100    ^aEbert, Michael H.
245    ^aCurrent Diagnosis & Treatment Psychiatry
250    ^a3rd ed
260    ^aNew York :^bMcGraw-Hill,^c2019
300    ^a817 pages;^c26 cm
650    ^aMental Disorders^xdiagnosis
650    ^aMental Disorders^xtherapy
650    ^aPsychotherapy^xmethods
945    ^p0^l0^i28387
999    ^aกัณชพร จุลอักษร
รายการนี้ยังไม่มีแท็ก
คุณยังไม่ได้ล็อกอิน คุณสามารถมีกิจกรรมร่วมกับเว็บไซต์ได้ แต่ต้องล็อกอินก่อน ::
  ล็อกอิน

รายการสื่อสารสนเทศ

ลำดับที่ ประเภท เลขเรียก/บาร์โค้ด สถานที่ สถานะ
1. หนังสือสำรอง
หนังสือสำรอง
WM141 E15C ฉ.1 
  Barcode: 28387
ห้องสมุดวิทยาเขตนครสวรรค์
►หนังสือทั่วไป:l:General Books
บนชั้น

รายการใกล้เคียง
    ชื่อเรื่อง [Current Diagnosis & Treatment Psychiatry]

    ผู้แต่ง [Ebert, Michael H.]

BibComment


ยังไม่เคยถูกคอมเมนท์

คอมเมนท์ทรัพยากรรายการนี้
  คอมเมนท์: Current Diagnosi..


 Copyright 2026. Bcnsprnw @Library